| 000 | 00536nam a2200157 a 4500 | ||
|---|---|---|---|
| 001 | 000036349 | ||
| 005 | 20200930075701.0 | ||
| 008 | 120113s1981 cu 000 0 spa d | ||
| 040 |
_aDO-SdBNP _bspa _cBNPHU |
||
| 245 | 0 | 0 | _aAnales del caribe. |
| 260 |
_aLa Habana, Cuba : _bCentro de Estudios del Caribe, Casa de las Américas, _c1981. |
||
| 300 |
_a321 p. ; _c24 cm. |
||
| 500 | _aIncluye notas al pie de las páginas | ||
| 710 | 1 |
_aCentro de Estudios del Carib _c(La Habana) _962523 |
|
| 710 | 1 |
_aCasa de las Américas _c(La Habana) _962524 |
|
| 999 |
_c35840 _d35840 |
||